Southville International School and Colleges
Your cart is empty.
  • Cart
  • Lists
    Public lists Eva Luna New books Lux_list list_1
    Your lists Log in to create your own lists
  • Log in to your account
  • Your cookies
  • Search history
Southville International School and Colleges
  • Advanced search
  • Recent comments
  • Most popular
  • Libraries

Log in to your account

Log in with GOOGLE


If you do not have an external account, but do have a local account, you can still log in:

  1. Home
  2. MARC view: The Anthropology of learning in childhood /
Normal view MARC view ISBD view

The Anthropology of learning in childhood / (Record no. 24265)

[ view plain ]
MARC details
000 -LEADER
fixed length control field 00629nam a2200229 a 4500
005 - DATE AND TIME OF LATEST TRANSACTION
control field 20140310183515.0
008 - FIXED-LENGTH DATA ELEMENTS--GENERAL INFORMATION
fixed length control field 110105s19uu xx 00 eng d
020 ## - INTERNATIONAL STANDARD BOOK NUMBER
International Standard Book Number 9780759113244
050 ## - LIBRARY OF CONGRESS CALL NUMBER
Classification number LB 1125
Item number .An567 2010
245 ## - TITLE STATEMENT
Title The Anthropology of learning in childhood /
260 ## - PUBLICATION, DISTRIBUTION, ETC. (IMPRINT)
Place of publication, distribution, etc New York :
Name of publisher, distributor, etc AltaMira Press,
Date of publication, distribution, etc 2010.
300 ## - PHYSICAL DESCRIPTION
Extent 483 p. :
Other physical details ill. ;
Dimensions 24 cm.
521 ## - TARGET AUDIENCE NOTE
Target audience note
650 ## - SUBJECT ADDED ENTRY--TOPICAL TERM
Topical term or geographic name as entry element Educational Anthropology.
650 ## - SUBJECT ADDED ENTRY--TOPICAL TERM
Topical term or geographic name as entry element Child development.
650 ## - SUBJECT ADDED ENTRY--TOPICAL TERM
Topical term or geographic name as entry element Learning.
700 ## - ADDED ENTRY--PERSONAL NAME
Personal name edited by: David Lancy
700 ## - ADDED ENTRY--PERSONAL NAME
Personal name John Bock
700 ## - ADDED ENTRY--PERSONAL NAME
Personal name Suzanne Gaskins
942 ## - ADDED ENTRY ELEMENTS (KOHA)
Koha item type Books
Source of classification or shelving scheme Library of Congress Classification
Call number prefix Foreign
Holdings
Withdrawn status Lost status Source of classification or shelving scheme Damaged status Home library Current library Shelving location Date acquired Source of acquisition Cost, normal purchase price Total Checkouts Full call number Barcode Date last seen Copy number Price effective from Koha item type
    Library of Congress Classification   College Library College Library General Circulation Section 01/05/2011 Donation 5440.00   LB 1125 .An567 2010 C11692 05/15/2018 1 10/18/2013 Books

The Anthropology of learning in childhood /

APA

edited by: David Lancy, John Bock & Suzanne Gaskins. (2010). The Anthropology of learning in childhood. New York: AltaMira Press.

Chicago

edited by: David Lancy, John Bock and Suzanne Gaskins. 2010. The Anthropology of learning in childhood. New York: AltaMira Press.

Harvard

edited by: David Lancy, John Bock and Suzanne Gaskins. (2010). The Anthropology of learning in childhood. New York: AltaMira Press.

MLA

edited by: David Lancy, John Bock and Suzanne Gaskins. The Anthropology of learning in childhood. New York: AltaMira Press. 2010.

  • Place hold
  • Print
  • Cite
  • Add to your cart (remove)
  • Save record
    BIBTEX Dublin Core MARCXML MARC (non-Unicode/MARC-8) MARC (Unicode/UTF-8) MARC (Unicode/UTF-8, Standard) MODS (XML) RIS
  • More searches
    Search for this title in:
    Other Libraries (WorldCat) Other Databases (Google Scholar) Online Stores (Bookfinder.com) Open Library (openlibrary.org)

Exporting to Dublin Core...

SOUTHVILLE LIBRARY

Southville International School and Colleges Library

1281 Tropical Ave. Cor. Luxembourg St., BF Homes International, Las Pinas City

Tel. No. 8256374 / 252358 Loc. 117/146

Powered by Koha